Kraje według częściowych obrazów flag #2 - Statystyki

Ogólne statystyki
  • Ten quiz został rozwiązany 24 razy
  • Średni wynik to 15 z 16
Statystyki odpowiedzi
Obrazkowy Odpowiedź % Poprawnych
Białoruś
100%
Brazylia
100%
Chiny
100%
Chorwacja
100%
Dania
100%
Korea Południowa
100%
Macedonia Północna
100%
Portugalia
100%
Watykan
100%
Kenia
96%
Meksyk
96%
Pakistan
87%
Kambodża
83%
Malezja
83%
Australia
78%
Ghana
78%
Nie znaleziono quizów pasujących do podanych kryteriów
Rozkład punktacji
Procent ludzi z każdym wynikiem
Percentyl według liczby udzielonych odpowiedzi
Twoja historia wyników
Nie rozwiązałeś tego quizu